000 01517cam a22003977a 4500
003 CHAP
005 20250602121653.0
008 020801d2001 mx a r 00110 spa d
010 _a86028
011 _a87000
035 _a97541
040 _cCHAP
090 _aTesis
100 1 0 _aGarcía Rodríguez, Diego Armando
_946526
245 1 0 _aEstudio de balanceo de líneas, en la empresa "Agrícola Tarriba" S. de R.L. de C.V., para optimizar sus recursos humanos
_c/por Diego Armando García Rodríguez
260 _aChapingo, Méx. :
_bEl autor,
_c2002.
300 _a93 h. :
_bilus. ; gráfs.
502 _aTesis (Ing. Agroindustrial) -- UACH Departamento de Ingenieria Agroindustrial
590 _aALEPH
_b10
_c20130110
_lUCH01
_h1447
590 _aBATCH-UPD
_b10
_c20130110
_lUCH01
_h0406
590 _aBATCH-UPD
_b10
_c20130110
_lUCH01
_h2104
590 _aBATCH-UPD
_b10
_c20130410
_lUCH01
_h0039
590 _aBATCH-UPD
_b10
_c20130913
_lUCH01
_h1948
590 _aCONVERSION
_b10
_c20130109
_lUCH01
_h1348
650 1 4 _aAdministración de empresas.
_9922
650 1 4 _aEficiencia industrial.
_935746
650 1 4 _aInnovaciones tecnológicas
_xAspectos económicos.
_958830
650 1 4 _aProductividad del trabajo.
_991869
650 1 4 _aRecursos humanos.
_995137
650 1 4 _aTrabajo
_xMétodos de.
_9114482
901 _aBK
905 _aMayto Villalobos S.
942 _cFOLL
949 _aTesis
_bBC
_cTES
_d33724000850236
_eTS2
_fc.2
_h39557
_i97541
_sb
949 _aTesis
_bBC
_cTES
_d9754112
_eTS1
_h39556
_i97541
_sb
999 _c86028
_d86028